Welcome to WEB OPAC of MRSPTU Central Library

Engineering circuit analysis (Record no. 6235)

MARC details
000 -LEADER
fixed length control field 00481nam a2200181Ia 4500
008 - FIXED-LENGTH DATA ELEMENTS--GENERAL INFORMATION
fixed length control field 230711s9999||||xx |||||||||||||| ||und||
020 ## - INTERNATIONAL STANDARD BOOK NUMBER
International Standard Book Number 978-1-25-909863-5
041 ## - LANGUAGE CODE
Language code of text/sound track or separate title ENG
082 ## - DEWEY DECIMAL CLASSIFICATION NUMBER
Classification number 621.3192
Item number HA-E
100 ## - MAIN ENTRY--PERSONAL NAME
Personal name Hayt,William H
245 #0 - TITLE STATEMENT
Title Engineering circuit analysis
250 ## - EDITION STATEMENT
Edition statement 8th Ed.
260 ## - PUBLICATION, DISTRIBUTION, ETC.
Date of publication, distribution, etc. 2013
Place of publication, distribution, etc. New Delhi
Name of publisher, distributor, etc. McGraw Hill Education(India) Private Limited
300 ## - PHYSICAL DESCRIPTION
Extent 852p.
650 ## - SUBJECT ADDED ENTRY--TOPICAL TERM
Topical term or geographic name entry element Electrical Engineering
700 ## - ADDED ENTRY--PERSONAL NAME
Personal name Kemmerly,Jack E
942 ## - ADDED ENTRY ELEMENTS (KOHA)
Koha item type Book
Holdings
Withdrawn status Lost status Damaged status Not for loan Collection Home library Current library Date acquired Cost, normal purchase price Inventory number Total checkouts Full call number Barcode Date last seen Price effective from Koha item type Date last checked out
          MRSPTU Central Library MRSPTU Central Library   699.00 KBD/2016-2017/961042808   621.3192 HA-E 35120 08/17/2023 08/17/2023 Book  
          MRSPTU Central Library MRSPTU Central Library   699.00 KBD/2016-2017/961042808   621.3192 HA-E 35121 08/17/2023 08/17/2023 Book  
          MRSPTU Central Library MRSPTU Central Library   699.00 KBD/2016-2017/961042808   621.3192 HA-E 35122 08/17/2023 08/17/2023 Book  
          MRSPTU Central Library MRSPTU Central Library   699.00 KBD/2016-2017/961042808   621.3192 HA-E 35123 08/17/2023 08/17/2023 Book  
          MRSPTU Central Library MRSPTU Central Library   699.00 KBD/2016-2017/961042808 1 621.3192 HA-E 35124 10/08/2025 08/17/2023 Book 09/17/2025

Website Designed and Developed by MRSPTU Central Library Team

E-mail Id: librarian@mrsptu.ac.in